000 00511nam a2200193 a 4500
001 1757137942852
003 YourLibrary
005 20250908142701.0
008 250906s1998##################000#0#eng##
020 _a9780521620147
082 0 4 _a128.3
_bBAR
100 1 _aBarnes, Annette,
_eauthor.
245 1 0 _aSeeing Through Self-Deception :
260 _bCambridge University Press,
_c1998.
300 _a196 pages
650 0 _aPhilosophy.
942 _cENGLISH
040 _aYourLibrary
_beng
_cYourLibrary
999 _c585866
_d585866